[Event "Sao Paulo-ch fin"]
[Site "Serra Negra"]
[Date "2002.??.??"]
[Round "?"]
[White "Meng, Ng Chong"]
[Black "De Toledo, James Mann"]
[Result "1/2-1/2"]
[WhiteElo "2281"]
[BlackElo "2371"]
[PlyCount "31"]
[EventDate "2002.05.30"]
[EventType "swiss"]
[EventRounds "9"]
[EventCountry "BRA"]
[SourceTitle "CBM 088 Extra"]
[Source "ChessBase"]
[SourceDate "2002.07.01"]
[SourceVersion "2"]
[SourceVersionDate "2002.07.01"]
[SourceQuality "1"]

1. c4 Nf6 2. Nc3 e5 3. Nf3 Nc6 4. g3 Bb4 5. Nd5 e4 6. Nh4 0-0 7. Bg2 Re8 8. a3 Bf8 9. 0-0 d6 10. d3 exd3 11. Qxd3 Ne5 12. Qc2 c6 13. Nxf6+ Qxf6 14. Bd2 Be6 15. Bc3 Qd8 16. b3 1/2-1/2

[Event "Sao Paulo-ch fin"]
[Site "Serra Negra"]
[Date "2002.??.??"]
[Round "?"]
[White "Nogueira, Ivan Kuhlmann"]
[Black "De Toledo, James Mann"]
[Result "1/2-1/2"]
[WhiteElo "2253"]
[BlackElo "2371"]
[PlyCount "29"]
[EventDate "2002.05.30"]
[EventType "swiss"]
[EventRounds "9"]
[EventCountry "BRA"]
[SourceTitle "CBM 088 Extra"]
[Source "ChessBase"]
[SourceDate "2002.07.01"]
[SourceVersion "2"]
[SourceVersionDate "2002.07.01"]
[SourceQuality "1"]

1. e4 c5 2. Nf3 Nc6 3. Bb5 g6 4. Bxc6 bxc6 5. 0-0 Bg7 6. c3 Ba6 7. d3 e5 8. Re1 Ne7 9. d4 cxd4 10. cxd4 exd4 11. Nxd4 Qb6 12. Nb3 Bc4 13. Be3 Bxb3 14. axb3 Qb7 15. Bd4 1/2-1/2

[Event "Sao Paulo-ch 6th leg"]
[Site "Sao Paulo"]
[Date "2002.??.??"]
[Round "1"]
[White "Tasoko, Toshinobu"]
[Black "De Toledo, James Mann"]
[Result "0-1"]
[WhiteElo "2060"]
[BlackElo "2371"]
[PlyCount "60"]
[EventDate "2002.08.10"]
[EventType "swiss"]
[EventRounds "6"]
[EventCountry "BRA"]
[SourceTitle "EXT 2003"]
[Source "ChessBase"]
[SourceDate "2002.11.25"]
[SourceVersion "1"]
[SourceVersionDate "2002.11.25"]
[SourceQuality "1"]

1. e4 c5 2. Nf3 Nc6 3. d4 cxd4 4. Nxd4 e6 5. Be2 Nf6 6. Nxc6 bxc6 7. e5 Qa5+ 8. Nc3 Qxe5 9. 0-0 Be7 10. f4 Qc5+ 11. Kh1 0-0 12. Rf3 d5 13. Be3 Qa5 14. Bd3 Ba6 15. Rg3 g6 16. Bd4 Bxd3 17. cxd3 Qb4 18. Ne2 Nh5 19. Rf3 Bf6 20. a3 Qd6 21. Bxf6 Nxf6 22. Rh3 Rfb8 23. Rb1 Rb7 24. Qe1 Rab8 25. Qh4 Rxb2 26. Rg1 Rxe2 27. Qxf6 Qd8 28. Qd4 Qb6 29. Qa1 Rb2 30. g4 Rb1 0-1

[Event "Paulista-chT Interclubes 12th"]
[Site "Sao Paulo"]
[Date "2001.03.??"]
[Round "2"]
[White "De Toledo, James Mann"]
[Black "Gerbelli Neto, Eduardo"]
[Result "1-0"]
[WhiteElo "2384"]
[BlackElo "2214"]
[PlyCount "89"]
[EventDate "2001.03.10"]
[EventType "team-tourn"]
[EventRounds "7"]
[EventCountry "BRA"]
[SourceTitle "EXT 2022"]
[Source "ChessBase"]
[SourceDate "2021.10.06"]
[SourceVersion "1"]
[SourceVersionDate "2021.10.06"]
[SourceQuality "1"]
[WhiteTeam "Circulo Militar"]
[BlackTeam "Primeiro de Maio FC"]
[WhiteTeamCountry "BRA"]
[BlackTeamCountry "BRA"]

1. e4 e5 2. Nf3 Nc6 3. Bb5 a6 4. Ba4 d6 5. Bxc6+ bxc6 6. d4 f6 7. Nc3 Ne7 8. Be3 Ng6 9. Qd3 Be7 10. 0-0-0 Be6 11. d5 Bd7 12. dxc6 Bxc6 13. Qc4 Qd7 14. Nd5 Bxd5 15. Rxd5 c6 16. Ra5 Qb7 17. Rd1 c5 18. Rd3 Bd8 19. Raa3 Bc7 20. Qe6+ Ne7 21. Bxc5 Qc8 22. Qxc8+ Nxc8 23. Be3 Kd7 24. Nd2 Ne7 25. Nc4 Rhb8 26. f3 Ke6 27. Rdb3 Rxb3 28. Rxb3 d5 29. Rb7 Rc8 30. Nb6 Bxb6 31. Rxb6+ Rc6 32. Rxc6+ Nxc6 33. exd5+ Kxd5 34. Kd2 e4 35. b3 g5 36. c4+ Ke5 37. Kc3 h5 38. b4 exf3 39. gxf3 g4 40. fxg4 hxg4 41. b5 axb5 42. cxb5 Ne7 43. Bc5 Nd5+ 44. Kc4 Nc7 45. Bd4+ 1-0